00693nam a2200229Ia 45000010006000000050017000060070003000230080041000260400025000670410008000920820022001001000021001222450053001432500014001962600040002103000019002506530020002696530014002899420012003039520131003159990017004463218020240114001556.0ta060822s1373 g b000 u 346 u aCotton College,Assam a346 a891.443bG 346 Ag aGhosh, Nabendu . 0aAguner Ukti /cNabendu Ghosh.hTextual Documents a1st ed. / aCalcutta :bPrakash Bhaban ,c1373. a140p. ;c22cm. aBengali Fiction aG-Bengali 2ddccBK 001040708Circulation (G)aSKBLbSKBLd2012-02-01f00000l0o891.443 G 346 Agp57811r2024-01-14 00:00:00t1w2012-02-01yBK c32162d32162